Statistiques concernant Buteurs allemands en Coupe du Monde

Cliquez ici pour prendre le quiz!

Statistiques générales

  • Ce quiz a été pris 113 fois
    (51 depuis la dernière actualisation)
  • Le résultat moyen est 18 sur 79

Statistiques - réponses

Nombre de butsClubNom du joueur% Correct
21. FC CologneDieter Müller
98%
14Bayern MunichGerd Müller
98%
1VfB StuttgartHansi Müller
98%
171. FC Kaiserslautern, Werder Brême, Bayern Munich, SS LazioMiroslav Klose
98%
10Bayern MunichThomas Müller
98%
2Werder Brême, ArsenalMesut Özil
71%
2Bayern MunichMario Götze
67%
8Werder Brême, AS Rome, Olympique MarseilleRudi Völler
64%
3Bayern Munich, Real MadridToni Kroos
64%
2Borussia DortmundMats Hummels
58%
5Bayern MunichFranz Beckenbauer
53%
6Bayern Munich, Inter Milan, Bayern MunichLothar Matthäus
51%
1Borussia DortmundMarco Reus
51%
3Bayer LeverkusenMichael Ballack
49%
1Bayern MunichPhilipp Lahm
49%
9Bayern Munich, Inter MilanKarl-Heinz Rummenigge
47%
2Bayern MunichBastian Schweinsteiger
42%
11Inter Milan, AS Monaco, Tottenham HotspurJürgen Klinsmann
42%
51. FC CologneLukas Podolski
42%
3ChelseaAndré Schürrle
40%
2ChelseaKai Havertz
38%
2VfB Stuttgart, Real MadridSami Khedira
38%
1Manchester Cityİlkay Gündoğan
36%
1Bayern MunichSerge Gnabry
33%
2Werder BrêmeNiclas Füllkrug
31%
4Bayern MunichPaul Breitner
22%
41. FC Kaiserslautern, Inter MilanAndreas Brehme
18%
21. FC CologneKlaus Allofs
16%
1Werder BrêmeTorsten Frings
16%
9Hambourg SVUwe Seeler
16%
10Rot-Weiss EssenHelmut Rahn
13%
4Udinese, AS MonacoOliver Bierhoff
13%
1Borussia DortmundAndreas Möller
11%
1Hambourg SVHorst Hrubesch
11%
31. FC ColognePierre Littbarski
11%
1VfB StuttgartCacau
9%
1Bayern MunichUli Hoeneß
9%
1Eintracht FrancfortUwe Bein
9%
31. FC CologneWolfgang Overath
9%
1Hertha Berlin SCArne Friedrich
7%
6Bologne FCHelmut Haller
7%
1Borussia DortmundKarl-Heinz Riedle
7%
21. FC CologneKlaus Fischer
7%
1Borussia MönchengladbachRainer Bonhof
7%
1Eintracht FrancfortBernd Hölzenbein
4%
1Bayer LeverkusenBernd Schneider
4%
1Bayern MunichCarsten Jancker
4%
31. FC KaiserslauternFritz Walter
4%
21. FC CologneHeinz Flohe
4%
1Eintracht FrancfortJürgen Grabowski
4%
1AC MilanKarl-Heinz Schnellinger
4%
1Hambourg SVMarcell Jansen
4%
2Bayer Leverkusen, Borussia MönchengladbachOliver Neuville
4%
41. FC KaiserslauternOttmar Walter
4%
1Schalke 04Rüdiger Abramczik
4%
1Borussia DortmundSigfried Held
4%
1Bayern MunichThomas Linke
4%
1Borussia MönchengladbachAlbert Brülls
2%
1Eintracht FrancfortAlfred Pfaff
2%
11. FC CologneBernhard Cullmann
2%
1Schalke 04Bernhard Klodt
2%
4FV 03 SarrebrückEdmund Conen
2%
2SV DarmstadtErnst Lehner
2%
1SV SodingenHans Cieslarczyk
2%
71. FC CologneHans Schäfer
2%
1Catania CalcioHorst Szymaniak
2%
1TuS NeuendorfJosef Gauchel
2%
2VfL BenrathKarl Hohmann
2%
1Borussia DortmundLothar Emmerich
2%
1Werder BrêmeMarco Bode
2%
61. FC NurembergMax Morlock
2%
1SV Waldhof MannheimOtto Siffling
2%
1Schalke 04Reinhard Libuda
2%
1FSV FrancfortRichard Herrmann
2%
1Hambourg SVRudolf Noack
2%
1Fortuna DüsseldorffStanislaus Kobierski
2%
1Werder BrêmeUwe Reinders
2%
1Admira VienneWilhelm Hahnemann
2%
11. FC CologneWolfgang Weber
2%

Distribution des résultats

Percentile par nombre de réponses

% des personnes avec chaque résultat

Votre développement - résultats

Vous n’avez pas pris ce quiz depuis la dernière actualisation